logo

Bir Sreshtho Munshi Abdur Rouf Library
Jhenaidah Cadet College

High school journalism / (Record no. 7661)

MARC details
000 -LEADER
fixed length control field 00728cam a22002651 4500
001 - CONTROL NUMBER
JCCL Control Number 7661
003 - CONTROL NUMBER IDENTIFIER
JCCL marc code BD-JhCC
005 - DATE AND TIME OF LATEST TRANSACTION
control field 20191031101856.0
008 - FIXED-LENGTH DATA ELEMENTS--GENERAL INFORMATION
fixed length control field 181228s1956 nyua 000 0 eng
035 ## - SYSTEM CONTROL NUMBER
system control number (BD-JhCC)7661
035 ## - SYSTEM CONTROL NUMBER
system control number (OCoLC)188057
040 ## - CATALOGING SOURCE
Original cataloging agency DLC
Transcribing agency ODaWU
Modifying agency WU
-- DLC
-- BD-JhCC
041 ## - LANGUAGE CODE
Language code of Book eng
050 00 - LIBRARY OF CONGRESS CALL NUMBER
Classification number LB3621
Item number .S7 1964
082 ## - DEWEY DECIMAL CLASSIFICATION NUMBER
Classification number 371.805
Author mark and Year SPE 1956
100 1# - MAIN ENTRY--PERSONAL NAME
Personal name Spears, Harold,
Dates associated with a name 1902-
245 10 - TITLE STATEMENT
Title High school journalism /
Statement of responsibility, etc Harold Spears and C. H. Lawshe
260 ## - PUBLICATION, DISTRIBUTION, ETC. (IMPRINT)
Place of publication, distribution, etc New York :
Name of publisher, distributor, etc Macmillan Co.,
Date of publication, distribution, etc [c1956]
300 ## - PHYSICAL DESCRIPTION
Pagination 452 p. :
Other physical details illus. ;
Dimensions 23 cm.
650 #0 - SUBJECT ADDED ENTRY--TOPICAL TERM
Topical term or geographic name as entry element Student newspapers and periodicals.
650 #0 - SUBJECT ADDED ENTRY--TOPICAL TERM
Topical term or geographic name as entry element Journalism.
700 ## - ADDED ENTRY--PERSONAL NAME
Personal name Lawshe, C. H.
942 ## - ADDED ENTRY ELEMENTS (KOHA)
Source of classification or shelving scheme Dewey Decimal Classification
Koha item type Books
Holdings
Source of classification or shelving scheme Damaged status Not for loan Home library Current library Shelving location Total Checkouts Full call number Barcode Date last seen Copy number Koha item type
Dewey Decimal Classification     JCC Rouf Library JCC Rouf Library General Stacks   371.805 SPE 1956 10303 02/12/2018 C - 1 Books

JCC Library | Contacts | JCC Home

Last Update on 23 September 2017
Copyright @ 2017-2020 JCC Rouf Library
Rouf Library, Jhenidah Cadet College (JCC), Bangladesh